000
00326nam a22001457a 4500
003
SGT
020
_a
0961161493
082
_a
320.
_b
K92M
100
_a
MADHAK, BALRAJ
245
_a
KASHMIR: THE STORM CENTER OF WORLD
260
_b
A GHOSH PUBLISHER
_c
1992
300
_a
3001
650
_a
POLITICAL SCIENCE
942
_2
ddc
_c
BK
999
_c
28039
_d
28039